000 00767nam a2200205 4500
001 sa 68013803
003 DLC
005 20260227112626.0
008 691209s1968 ii 00000 eng
010 _asa 68013803
025 _aPL480:I-E-10207
050 0 _aHF5549
_b.H87
082 _a658.3/00954
110 2 0 _aHuman Resources Foundation.
245 1 _aPersonnel managers at work;
_bcomparative survey of personnel policies of major companies in India.
_cWith an introd. on the history and growth of personnel management in India, by Ram S. Tarneja.
260 1 _aMadras
_c[1968]
300 _a52, 202 p.
_c22 cm.
650 0 _aPersonnel management
_zIndia.
700 1 1 _aTarneja, Ramnarain Sukhraj,
_d1931-
_tHistory and growth of personnel management in India.
999 _c85355
_d85355